| 000 | 00457nam a22001577a 4500 | ||
|---|---|---|---|
| 003 | NUST | ||
| 038 | _aSaima | ||
| 082 |
_a004 _bMCS |
||
| 100 |
_aIshfaq, Hassan _935186 |
||
| 245 | _aR - ELK Stack for Log Analysis Using Customized IDS Signatures / | ||
| 260 |
_aIslamabad : _bMCS - NUST, _c2017 |
||
| 300 |
_a60 p. ; _c30cm. |
||
| 650 |
_aInformation Security-R - ELK Stack for Log Analysis _935187 |
||
| 700 |
_aDr. Baber Aslam _916377 |
||
| 942 |
_2ddc _cTHE |
||
| 999 |
_c540905 _d540905 |
||